| 000 | 00651nam a22001937a 4500 | ||
|---|---|---|---|
| 999 |
_c180582 _d180582 |
||
| 005 | 20210812105543.0 | ||
| 010 | _aENG-129832 | ||
| 020 |
_c995.00 _a978-0-19-948905-3 |
||
| 035 | _aEN-113364 | ||
| 037 | _bDBAD/PUB | ||
| 082 | _a320.0820954 | ||
| 100 | _aRai, Shirin M. | ||
| 245 |
_aPerforming Representation: _bWomen Members in the Indian Parliament/ _cShirin M. Rai, Carole Spary |
||
| 250 | _a2019 | ||
| 260 |
_bOxford University press _c2019 _aNew Delhi |
||
| 270 |
_a2/11 Ground floor,Ansari Road,Daryaganj _bNew Delhi _e110002 |
||
| 300 |
_a396 p. _c22cm (hbk) _bBibiliography, Index |
||
| 942 |
_2ddc _cEN _h320.0820954 _kRAI |
||